Kamaráti do zlého počasia (Record no. 22472)
[ view plain ]
| 000 -LEADER | |
|---|---|
| fixed length control field | 00935nam a2200313 a 4500 |
| 001 - CONTROL NUMBER | |
| control field | 22472 |
| 003 - CONTROL NUMBER IDENTIFIER | |
| control field | SK-KTurca |
| 005 - DATE AND TIME OF LATEST TRANSACTION | |
| control field | 20260330134945.0 |
| 008 - FIXED-LENGTH DATA ELEMENTS--GENERAL INFORMATION | |
| fixed length control field | 250414s1981 xo 0 slo |
| 015 ## - NATIONAL BIBLIOGRAPHY NUMBER | |
| National bibliography number | SNBA1981/12 |
| 035 ## - SYSTEM CONTROL NUMBER | |
| System control number | SNK000046665 |
| 040 ## - CATALOGING SOURCE | |
| Original cataloging agency | SNK |
| Language of cataloging | slo |
| Transcribing agency | SNK |
| Description conventions | AACR2 |
| 041 0# - LANGUAGE CODE | |
| Language code of text/sound track or separate title | slo |
| 044 ## - COUNTRY OF PUBLISHING/PRODUCING ENTITY CODE | |
| MARC country code | xo |
| ISO country code | SK |
| 080 ## - UNIVERSAL DECIMAL CLASSIFICATION NUMBER | |
| Universal Decimal Classification number | 885.4-3 |
| Edition identifier | 1981 |
| 100 1# - MAIN ENTRY--PERSONAL NAME | |
| Personal name | Handzová, Viera, |
| Dates associated with a name | 1931-1997 |
| Relationship | aut |
| 245 10 - TITLE STATEMENT | |
| Title | Kamaráti do zlého počasia |
| Statement of responsibility, etc. | Viera Handzová ; Ján Zelenák, Jozef Gális |
| 250 ## - EDITION STATEMENT | |
| Edition statement | 2. vyd. |
| 260 ## - PUBLICATION, DISTRIBUTION, ETC. | |
| Place of publication, distribution, etc. | Bratislava |
| Name of publisher, distributor, etc. | Smena |
| Date of publication, distribution, etc. | 1981 |
| Place of manufacture | Bratislava |
| Manufacturer | Polygrafické závody |
| 300 ## - PHYSICAL DESCRIPTION | |
| Extent | 181 s., 10,56 AH |
| Dimensions | 20 cm |
| 366 ## - TRADE AVAILABILITY INFORMATION | |
| Note | 9000 výtl. |
| 490 0# - SERIES STATEMENT | |
| Series statement | Eva |
| Volume/sequential designation | Zv. 56. |
| 500 ## - GENERAL NOTE | |
| General note | Ilustr. na front. a na tit. liste. |
| 700 1# - ADDED ENTRY--PERSONAL NAME | |
| Personal name | Zelenák, Ján |
| Relationship | bkd |
| 700 1# - ADDED ENTRY--PERSONAL NAME | |
| Personal name | Gális, Jozef, |
| Dates associated with a name | 1939- |
| Relationship | bkd |
| 942 ## - ADDED ENTRY ELEMENTS (KOHA) | |
| Source of classification or shelving scheme | Dewey Decimal Classification |
| Koha item type | Krásna literatúra pre dospelých |
| Suppress in OPAC | No |
| Stav vyradenia | Strata | Poškodenie | Spôsob nadobudnutia | Domovská knižnica | Aktuálna knižnica | Dátum nadobudnutia | Total checkouts | Čiarový kód exemplára | Date last seen | Typ exemplára |
|---|---|---|---|---|---|---|---|---|---|---|
| Dar | Obecná knižnica Horná Štubňa | Obecná knižnica Horná Štubňa | 30.03.2026 | 4736202036 | 30.03.2026 | Krásna literatúra pre dospelých |
